000 00599nam a22002177a 4500
003 OSt
005 20240530110426.0
008 150324s2013 ko ao f |||| 00| 0 eng d
020 _a9788997767076 (v.1: hbk)
020 _a9788997767083 (v.2: hbk)
020 _a9788997767090 (v.3: hbk)
040 _aEG-CaGPL
_cEG-CaGPL
082 0 4 _221
_a720.222\
_bC A
110 0 _aChoseok
245 1 0 _aAD Architecture Design \
_cChoseok
260 _aKorea:
_bChoseok,
_c2013
300 _a3 v. :
_bcol. ill;
_c30 cm.
650 0 4 _aArchitectural design
942 _2ddc
_cBK
999 _c60752
_d60752